00403ntaaa2200157 45000030003000000050017000030080021000200400037000410820017000781000022000952450038001172500010001552600053001653000010002186500017002280120251027201805.00714s1973 ag 01  aAR-BaBNbspacAR-BaBNeaacrdRIC a242.0000 AL7 aAltamira, Rafael  aLibro de máximas y reflecciones a1 ed. aMéxico : bCasa Unida de Publicaciones, c1948 a145 p ameditaciones